00596nam a2200181Ia 450000500170000000800460001703700120006304000200007504100130009508400190010810000290012724500690015626000370022530000100026294200190027299900210029195201020031220250508152055.0008 250505s9999 xx 000 0 hin d aTextual aFEDLbengcFEDL ahin2eng a657, COOqFEDL aCoomber R Robert9342363 0aBalance carried forward : An outline of elementary book keeping aLondon, UKbPenguin Books c1953 a264p. cTEXLh657, COO c1334081d1334081 00104070aFEDLbFEDLd2025-05-08l0o657, COOpEL0015496r2025-05-08 15:20:55w2025-05-08yTEXL